000 00845nam a22002537a 4500
999 _c15372
_d15372
003 MIRAKIL
005 20240214112741.0
008 240214b tu ||||| |||| 00| 0 tur d
020 _a9754583137
040 _aTR-AnCHP
_cTR-AnCHP
041 _aTürkçe
082 _a813.42
_bE62k 2001
090 _a813.42 E62k 2001
100 _aErdoğan, Aslı
245 1 0 _aKırmızı pelerinli kent /
_cAslı Erdoğan.
250 _a1. bs.
260 _aİstanbul :
_bTürkiye İş Bankası Kültür Yayınları ;
_c2001.
_fŞefik matbaası
300 _a167 s. ;
_c20 cm.
490 0 _aTürkiye İş Bankası Kültür Yayınları Genel Yayın No ;
_v558.
490 0 _aEdebiyat Dizisi ;
_v180.
650 0 _919
_aTürk edebiyatı
856 _zDijital Nüshası için Partimizin Kütüphane Sorumlusu ile iletişime geçiniz.
942 _2ddc
_cBKS